Central Library OPAC University of Rajshahi

Psychology and education of slow learners / (Record no. 5135)

MARC details
000 -LEADER
fixed length control field 00781nam a2200277 i 4500
001 - CONTROL NUMBER
control field 5135
003 - CONTROL NUMBER IDENTIFIER
rucl marc code BD-RjUL
005 - DATE AND TIME OF LATEST TRANSACTION
control field 20211208234021.0
008 - FIXED-LENGTH DATA ELEMENTS--GENERAL INFORMATION
fixed length control field 131224s1976 enk b 000 0 eng
020 ## - INTERNATIONAL STANDARD BOOK NUMBER
International Standard Book Number 0710084102 :
International Standard Book Number 0710000464
035 ## - SYSTEM CONTROL NUMBER
System control number (BD-RjUL)5171
040 ## - CATALOGING SOURCE
Original cataloging agency DLC
Transcribing agency DLC
Modifying agency DLC
-- BD-RjUL
Language of cataloging eng
041 ## - LANGUAGE CODE
Language code of text/sound track or separate title eng
082 00 - DEWEY DECIMAL CLASSIFICATION NUMBER
Classification number 371.926
Author mark and year BRP
100 1# - MAIN ENTRY--PERSONAL NAME
Personal name Brown, Roy I.
9 (RLIN) 16171
245 10 - TITLE STATEMENT
Title Psychology and education of slow learners /
Statement of responsibility, etc. Roy I. Brown.
260 ## - PUBLICATION, DISTRIBUTION, ETC. (IMPRINT)
Place of publication, distribution, etc. London ;
-- Boston :
Name of publisher, distributor, etc. Routledge & K. Paul,
Date of publication, distribution, etc. c1976.
300 ## - PHYSICAL DESCRIPTION
Pagination xii, 120 p. ;
Size 20 cm.
490 0# - SERIES STATEMENT
Series statement Students library of education
504 ## - BIBLIOGRAPHY, ETC. NOTE
Bibliography, etc Includes bibliographies.
650 #0 - SUBJECT ADDED ENTRY--TOPICAL TERM
Topical term or geographic name as entry element Slow learning children.
9 (RLIN) 16172
942 ## - ADDED ENTRY ELEMENTS (KOHA)
Source of classification or shelving scheme Dewey Decimal Classification
Koha item type Books
Holdings
Lost status Source of classification or shelving scheme Damaged status Not for loan Collection code Permanent Location Current Location Shelving location Date acquired Source of acquisition Cost, normal purchase price Total Checkouts Full call number Date last seen Copy number Koha item type
  Dewey Decimal Classification     Non-fiction Central Library, University of Rajshahi Central Library, University of Rajshahi   06/01/1986 Tulip Ent. 5.80   371.926 BRP 1976 24/12/2013 C-3 Books
  Dewey Decimal Classification     Non-fiction Central Library, University of Rajshahi Central Library, University of Rajshahi   06/01/1986 Tappw & co. 5.80   371.926 BRP 1976 22/08/2016 C-4 Books
  Dewey Decimal Classification   Not For Loan Non-fiction Central Library, University of Rajshahi Central Library, University of Rajshahi Reading Room 06/01/1986 Topper 5.80   371.926 BRP 1976 31/12/2016 C-1 Books